Catàleg dels protocols del districte de Girona (I) / per M. A. Adroer i Pellicer, J. M. T. Grau i Pujol, J. Matas i Balaguer
Descripción Física:
357 p. ; 24 cm
MARC
| LEADER | 00000nam a2200000Ia 4500 | ||
|---|---|---|---|
| 001 | 11525 | ||
| 008 | 160829s1996 xx 000 0 cat d | ||
| 080 | |a A-1-196 | ||
| 100 | |a Adroer i Pellicer, M. Àngels |9 33317 | ||
| 245 | |a Catàleg dels protocols del districte de Girona (I) / per M. A. Adroer i Pellicer, J. M. T. Grau i Pujol, J. Matas i Balaguer | ||
| 260 | |a Barcelona : |b Fundació Noguera, |c 1996 | ||
| 300 | |a 357 p. ; |c 24 cm | ||
| 490 | |a Inventaris d'arxius notarials de Catalunya. Sèrie inventaris ; 20 | ||
| 650 | |a Notaris |x Girona |x Arxius |x Catàlegs |9 33318 | ||
| 650 | |a Documents públics |x Girona |x Catàlegs |9 33319 | ||
| 700 | |a Grau i Pujol, Josep M. T. |9 37293 | ||
| 700 | |a Matas Balaguer, Josep |9 31678 | ||
| 700 | |a Fundació Noguera |9 70407 | ||
| 901 | |a Arxiu | ||
| 942 | |n 1 | ||
| 952 | |0 0 |1 0 |4 0 |6 A1196 |7 1 |9 46265 |a Arxiu |b Arxiu |d 2016-12-01 |l 0 |o A-1-196 |p 11525 |r 2016-12-01 00:00:00 |w 2016-12-01 |y ARXIU | ||
| 999 | |c 49767 |d 49767 | ||